000 01346nam a2200385 a 4500
001 21389
003 VRT
005 20260228132213.0
008 251029s1952 xo slo
015 _aSKSNBA19451955-004163
035 _aSK01SNKBKSFS20010067312
035 _aSKM000069775
039 9 _a202510291225
_bVLOAD
_c202109301316
_dmsnk115
_c201811091542
_dVLOAD
_c201808131225
_dVLOAD
040 _aSNK
_bslo
_cSNK
_eAACR2
041 0 _aslo
044 _axo
_cSK
080 _a885.4
_21981
100 1 _aHviezdoslav, Pavol Országh,
_d1849-1921
_4aut
245 1 0 _aPoludienok ; Večera
_cPavol Országh Hviezdoslav ; (uspor. St. Šmatlák)
260 _aBratislava
_bSmena
_c1952
_eMartin
_fStredoslovenské tlač.
300 _a57, [2] s.
_cV. 8°
490 0 _aNárodná poézia
_vsv. 3
505 0 _aSlovníček
563 _a7.500 výtlač.
655 7 _aumelecká literatúra
_2SNKPH
655 7 _aslovenská poézia
700 1 _aŠmatlák, Stanislav,
_d1925-2008
_4com
830 0 _aNárodná poézia
942 _2ddc
_cKLDO
_n0
949 _6273K0222515
_asvkpoA 56784
_bsvkpo131595
949 _617A0888541
_asnkSD 8191/3 D1
_bsnkD 201/63
949 _617A0888540
_asnkSD 8191/3 D2
_bsnkF 7644/63
949 _6273K0222516
_asvkpoA 56784a
_bsvkpo135778
999 _c21389
_d21389